000 00544nam a22001691i 4500
001 183683
003 ES-MaACL
005 20230906221943.0
008 140923s1868 sp |||| | spa d
080 _a556.32(460)
245 0 0 _aDictamen sobre alumbramientos de aguas /
_cpor Manuel Cortina ... [et al.].
260 _aMadrid :
_b[s.n.],
_c1868 (
_fImp. del Colegio de Sordo-Mudos y de Ciegos)
300 _a32 p. ;
_c23 cm.
650 4 _aAguas subterráneas.
_9135536
700 1 _aCortina, Manuel.
_9176289
852 4 _aES-MaACL
_jT-138-F-3
999 _c183683
_d183683